[Event "DEN-ch sf1"]
[Site "Svendborg"]
[Date "2024.03.29"]
[Round "2"]
[White "Thuesen, Mogens Henrik"]
[Black "Hansen, Per"]
[Result "1/2-1/2"]
[WhiteElo "2158"]
[BlackElo "2095"]
[PlyCount "73"]
[EventDate "2024.03.29"]
[EventType "swiss"]
[EventRounds "7"]
[EventCountry "DEN"]
[SourceTitle "CB16_2024"]
[SourceDate "2024.04.17"]
[SourceVersion "1"]
[SourceVersionDate "2024.04.17"]
[SourceQuality "1"]

1. e4 d6 2. d4 Nf6 3. Nc3 Nbd7 4. Be3 e5 5. h3 c6 6. a4 Be7 7. Nf3 Qc7 8. g4 h6 9. Bc4 Nxe4 10. Nxe4 d5 11. Bd3 dxe4 12. Bxe4 Nf6 13. Qd3 Nxe4 14. Qxe4 exd4 15. Nxd4 0-0 16. 0-0-0 Bf6 17. h4 Qe5 18. Qg2 Be6 19. g5 Bd5 20. Qg4 h5 21. Qg1 Be7 22. Rh3 g6 23. f4 Qc7 24. Ne2 Be6 25. Rf3 Bg4 26. Rf2 Qa5 27. Kb1 Bb4 28. f5 Qxa4 29. Rd4 Qb5 30. Rxg4 hxg4 31. Qxg4 Bc5 32. fxg6 Bxe3 33. Qh5 fxg6 34. Qxg6+ Kh8 35. Qh6+ Kg8 36. Qg6+ Kh8 37. Qh6+ 1/2-1/2

[Event "Logumkloster op"]
[Site "Logumkloster"]
[Date "2022.03.22"]
[Round "6"]
[White "Beckovic, Dzano"]
[Black "Hansen, Per"]
[Result "0-1"]
[WhiteElo "1649"]
[BlackElo "2086"]
[PlyCount "80"]
[EventDate "2022.03.22"]
[EventType "swiss"]
[EventRounds "7"]
[EventCountry "DEN"]
[SourceTitle "EXT 2024"]
[Source "ChessBase"]
[SourceDate "2023.10.10"]
[SourceVersion "1"]
[SourceVersionDate "2023.10.10"]
[SourceQuality "1"]

1. d4 g6 2. Nf3 Bg7 3. Bf4 d6 4. Nc3 a6 5. h3 b5 6. a3 Bb7 7. e4 Nd7 8. Be2 e6 9. Bg5 Ne7 10. Qd2 h6 11. Bh4 g5 12. Bg3 f5 13. Bd3 f4 14. Bh2 0-0 15. Qe2 c5 16. e5 dxe5 17. dxe5 c4 18. Be4 Bxe4 19. Nxe4 Qc7 20. c3 Nxe5 21. Nxe5 Qxe5 22. 0-0 Rae8 23. Rfe1 Ng6 24. Qh5 Kh7 25. Re2 Rd8 26. Rae1 Rd3 27. Nd2 Qf5 28. Nf3 e5 29. Re4 Rfd8 30. Qg4 Qxg4 31. hxg4 Kg8 32. Kf1 Rd1 33. Ke2 R1d3 34. Kf1 Kf7 35. Ke2 R3d5 36. Kf1 R8d7 37. Ke2 Bf8 38. Nxe5+ Rxe5 39. Rxe5 Nxe5 40. f3 Nd3 0-1

[Event "Logumkloster op"]
[Site "Logumkloster"]
[Date "2022.03.22"]
[Round "4"]
[White "Kallesen, Jesper"]
[Black "Hansen, Per"]
[Result "0-1"]
[WhiteElo "1665"]
[BlackElo "2086"]
[PlyCount "91"]
[EventDate "2022.03.22"]
[EventType "swiss"]
[EventRounds "7"]
[EventCountry "DEN"]
[SourceTitle "EXT 2024"]
[Source "ChessBase"]
[SourceDate "2023.10.10"]
[SourceVersion "1"]
[SourceVersionDate "2023.10.10"]
[SourceQuality "1"]

1. e4 g6 2. Nc3 Bg7 3. Nf3 d6 4. Be2 a6 5. d4 b5 6. 0-0 e6 7. Bg5 Ne7 8. a3 h6 9. Bf4 Bb7 10. e5 d5 11. Ne1 Nf5 12. Na2 Nd7 13. c3 c5 14. Nc2 Rc8 15. Ne3 Ne7 16. a4 Qb6 17. axb5 axb5 18. Bg3 0-0 19. f4 Ra8 20. dxc5 Nxc5 21. Bf2 Qc7 22. Bxb5 Ne4 23. Qe2 Nxf2 24. Qxf2 Ra5 25. Bd3 Rfa8 26. Bb1 Nc6 27. Nc2 Ba6 28. Rd1 Bc4 29. Na3 Bf8 30. Nxc4 dxc4 31. Qe2 Qb6+ 32. Kh1 Qc5 33. Rd7 Ne7 34. Rd4 Ra4 35. Qc2 Nf5 36. Re4 Be7 37. b4 cxb3 38. Qxb3 Qf2 39. Qd1 Ra3 40. Re2 Qxf4 41. Bxf5 gxf5 42. h3 Qc4 43. Qd2 Bg5 44. Qb2 Bf4 45. Qc2 Rxc3 46. Nxc3 0-1

[Event "DEN-ch Seniors 65+"]
[Site "Logumkloster"]
[Date "2021.06.02"]
[Round "4"]
[White "Hansen, Per"]
[Black "Rasmussen, Lars Garne"]
[Result "0-1"]
[WhiteElo "2086"]
[BlackElo "1943"]
[PlyCount "98"]
[EventDate "2021.05.30"]
[EventType "swiss"]
[EventRounds "7"]
[EventCountry "DEN"]
[SourceTitle "CBM 203 Extra"]
[Source "ChessBase"]
[SourceDate "2021.09.30"]
[SourceVersion "1"]
[SourceVersionDate "2021.09.30"]
[SourceQuality "1"]

1. d4 Nf6 2. Nc3 d5 3. Bf4 c5 4. e3 cxd4 5. exd4 a6 6. Nf3 Nc6 7. h3 g6 8. Be2 Bg7 9. 0-0 0-0 10. Ne5 Qb6 11. Na4 Qxd4 12. Nxc6 Qxa4 13. Nxe7+ Kh8 14. c4 Qxd1 15. Rfxd1 Re8 16. Bd6 Bf8 17. Nxc8 Raxc8 18. Bxf8 Rxe2 19. Bb4 Rxc4 20. Bc3 Rf4 21. Re1 Rxe1+ 22. Rxe1 d4 23. g3 Re4 24. Rxe4 Nxe4 25. Bxd4+ Kg8 26. Kg2 f5 27. Kf3 Ng5+ 28. Kg2 Kf7 29. h4 Ne6 30. Be5 Nc5 31. Bd4 Ne6 32. Bc3 Nc5 33. f3 Ke6 34. Kf2 Kd5 35. Ke3 Ne6 36. Bf6 b5 37. Bc3 Kc4 38. a3 Nc7 39. Be5 Nd5+ 40. Kd2 a5 41. Bg7 b4 42. axb4 axb4 43. Be5 Ne7 44. Kc2 Nc6 45. b3+ Kd5 46. Bf6 Nd4+ 47. Bxd4 Kxd4 48. Kd2 h6 49. g4 f4 0-1

[Event "DEN-ch Seniors 65"]
[Site "Logumkloster"]
[Date "2020.02.12"]
[Round "4"]
[White "Christiansen, Arne"]
[Black "Hansen, Per"]
[Result "0-1"]
[WhiteElo "2000"]
[BlackElo "2110"]
[PlyCount "52"]
[EventDate "2020.02.09"]
[EventType "swiss"]
[EventRounds "7"]
[EventCountry "DEN"]
[SourceTitle "EXT 2021"]
[Source "ChessBase"]
[SourceDate "2020.10.23"]
[SourceVersion "1"]
[SourceVersionDate "2020.10.23"]
[SourceQuality "1"]

1. d4 d5 2. c4 c6 3. Nf3 Nf6 4. e3 e6 5. Nc3 Nbd7 6. Bd3 dxc4 7. Bxc4 b5 8. Bd3 a6 9. 0-0 c5 10. Qe2 Bb7 11. Rd1 Qc7 12. h3 g5 13. e4 cxd4 14. Nxd4 Rg8 15. g3 Bc5 16. Bc2 Ne5 17. Be3 Qb6 18. b4 Bxb4 19. Ndxb5 Qa5 20. a3 Be7 21. Bd4 Nfd7 22. Rab1 axb5 23. Rxb5 Qc7 24. Rdb1 Ba6 25. Ba4 Bxb5 26. Rxb5 Kf8 0-1

[Event "DEN-ch Seniors 65"]
[Site "Logumkloster"]
[Date "2020.02.09"]
[Round "1"]
[White "Hansen, Per"]
[Black "Larsen, Finn1111"]
[Result "1-0"]
[WhiteElo "2110"]
[BlackElo "1822"]
[PlyCount "39"]
[EventDate "2020.02.09"]
[EventType "swiss"]
[EventRounds "7"]
[EventCountry "DEN"]
[SourceTitle "EXT 2021"]
[Source "ChessBase"]
[SourceDate "2020.10.23"]
[SourceVersion "1"]
[SourceVersionDate "2020.10.23"]
[SourceQuality "1"]

1. d4 f5 2. Nc3 Nf6 3. Bg5 e6 4. e4 Be7 5. exf5 exf5 6. Bc4 c6 7. Qe2 Kf8 8. Bd3 d5 9. f3 b5 10. Nh3 a5 11. Nf4 Qd6 12. 0-0 Na6 13. a3 Nc7 14. Rfe1 Kf7 15. Nh3 Re8 16. Bf4 Qd7 17. Qd2 Bd6 18. Bxf5 Rxe1+ 19. Rxe1 Bxf4 20. Qxf4 1-0

[Event "Logumkloster op"]
[Site "Logumkloster"]
[Date "2019.05.21"]
[Round "6"]
[White "Hansen, Per"]
[Black "Ambog, Ejvind Osterby"]
[Result "1-0"]
[WhiteElo "2110"]
[BlackElo "1889"]
[PlyCount "87"]
[EventDate "2019.03.26"]
[EventType "swiss"]
[EventRounds "7"]
[EventCountry "DEN"]
[SourceTitle "EXT 2020"]
[Source "ChessBase"]
[SourceDate "2019.10.17"]
[SourceVersion "1"]
[SourceVersionDate "2019.10.17"]
[SourceQuality "1"]

1. d4 f5 2. Nf3 Nf6 3. Bg5 e6 4. Nbd2 d5 5. e3 Bd6 6. Bd3 0-0 7. c4 c6 8. Qc2 Nbd7 9. g4 h6 10. Bxf6 Qxf6 11. gxf5 exf5 12. cxd5 cxd5 13. 0-0-0 Nb6 14. Kb1 Bd7 15. Nb3 Ba4 16. Qe2 Rac8 17. Rc1 Bxb3 18. axb3 Rfe8 19. Rxc8 Nxc8 20. Nd2 a6 21. Qh5 Rf8 22. Rg1 Ne7 23. f4 Bxf4 24. exf4 Qxd4 25. Rg3 Qxf4 26. Qe2 Nc6 27. Rf3 Qg5 28. Qe6+ Kh8 29. Rxf5 Qg1+ 30. Nf1 Rd8 31. Qxd5 Qd4 32. Qxd4 Nxd4 33. Rf7 Nxb3 34. Bc2 Nc5 35. Ne3 Kg8 36. Rc7 b6 37. b4 Nd3 38. Nd5 Rxd5 39. Bb3 Nxb4 40. Rd7 Kf8 41. Bxd5 Ke8 42. Rd6 Ke7 43. Re6+ Kd7 44. Bb3 1-0

[Event "Logumkloster op"]
[Site "Logumkloster"]
[Date "2019.05.07"]
[Round "5"]
[White "Beckovic, Dzano"]
[Black "Hansen, Per"]
[Result "0-1"]
[WhiteElo "1451"]
[BlackElo "2110"]
[PlyCount "36"]
[EventDate "2019.03.26"]
[EventType "swiss"]
[EventRounds "7"]
[EventCountry "DEN"]
[SourceTitle "EXT 2020"]
[Source "ChessBase"]
[SourceDate "2019.10.17"]
[SourceVersion "1"]
[SourceVersionDate "2019.10.17"]
[SourceQuality "1"]

1. e4 c5 2. Nc3 Nc6 3. Nf3 d6 4. h3 g6 5. Bc4 Bg7 6. Nd5 e6 7. Ne3 Rb8 8. a3 Nge7 9. c3 d5 10. exd5 exd5 11. Bb5 a6 12. Be2 d4 13. Ng4 f5 14. Ngh2 d3 15. Bf1 Qd5 16. Qa4 c4 17. g3 Qe6+ 18. Kd1 b5 0-1

[Event "Border op 9th"]
[Site "Niebuell,Leck,Tonder,Oster Ho"]
[Date "2018.12.04"]
[Round "4"]
[White "Ambog, Ejvind Osterby"]
[Black "Hansen, Per"]
[Result "1/2-1/2"]
[WhiteElo "1864"]
[BlackElo "2114"]
[PlyCount "125"]
[EventDate "2018.09.24"]
[EventType "swiss"]
[EventRounds "9"]
[EventCountry "DEN"]
[SourceTitle "EXT 2020"]
[Source "ChessBase"]
[SourceDate "2019.10.17"]
[SourceVersion "1"]
[SourceVersionDate "2019.10.17"]
[SourceQuality "1"]

1. Nf3 d5 2. g3 c5 3. Bg2 Nc6 4. 0-0 e5 5. d3 f6 6. e4 d4 7. Nbd2 Be6 8. a4 Bd6 9. Nc4 Bc7 10. Nh4 Nge7 11. f4 Qd7 12. f5 Bf7 13. Bd2 Rb8 14. Qe2 b6 15. Kh1 a6 16. b3 Qd8 17. Bf3 b5 18. Nb2 Qd7 19. Bh5 Nc8 20. g4 Bd8 21. Rg1 Bxh5 22. gxh5 h6 23. Rg3 Rb7 24. Rag1 Qf7 25. Rxg7 Qxg7 26. Rxg7 Rxg7 27. Ng6 Rhh7 28. Nd1 bxa4 29. bxa4 Rb7 30. Qg4 N8e7 31. Nf2 Rb2 32. Qh4 Ng8 33. Ng4 Rxc2 34. Qe1 Nb4 35. Bxb4 cxb4 36. Qxb4 Rhc7 37. Qf8+ Kd7 38. Qxg8 Rb7 39. Qd5+ Kc7 40. Qa5+ Kc8 41. Qxa6 Kb8 42. Qxb7+ Kxb7 43. Nxh6 Rd2 44. Nf7 Rxd3 45. Nxd8+ Kc8 46. Ne6 Rh3 47. Kg2 d3 48. Kf2 Rxh2+ 49. Ke1 Rxh5 50. Kd2 Rh3 51. Ne7+ Kd7 52. Nd5 Ke8 53. Nxf6+ Ke7 54. Nd5+ Kd6 55. a5 Rh2+ 56. Kxd3 Ra2 57. Nd8 Kd7 58. Nb7 Kc8 59. f6 Kxb7 60. f7 Rf2 61. Kc4 Rxf7 62. Kc5 Ka6 63. Kd6 1/2-1/2

[Event "Logumkloster-ch"]
[Site "Logumkloster"]
[Date "2018.05.08"]
[Round "5"]
[White "Hansen, Per"]
[Black "Trane, Kim Juul"]
[Result "1-0"]
[WhiteElo "2098"]
[BlackElo "1287"]
[PlyCount "37"]
[EventDate "2018.04.03"]
[EventType "swiss"]
[EventRounds "7"]
[EventCountry "DEN"]
[SourceTitle "EXT 2020"]
[Source "ChessBase"]
[SourceDate "2019.10.17"]
[SourceVersion "1"]
[SourceVersionDate "2019.10.17"]
[SourceQuality "1"]

1. d4 d5 2. c4 c6 3. Nc3 e6 4. Nf3 Nf6 5. Bg5 Be7 6. e3 a6 7. Qc2 Nbd7 8. Bd3 h6 9. Bf4 Nh5 10. Be5 Bf6 11. g4 dxc4 12. Bxc4 Bxe5 13. dxe5 Nhf6 14. exf6 Qxf6 15. Be2 Nc5 16. 0-0-0 b5 17. Ne4 Qe7 18. Nd6+ Kf8 19. Qxc5 1-0

[Event "Logumkloster-ch"]
[Site "Logumkloster"]
[Date "2018.04.24"]
[Round "3"]
[White "Hansen, Per"]
[Black "Karstensen, Christian"]
[Result "1/2-1/2"]
[WhiteElo "2098"]
[BlackElo "1926"]
[PlyCount "111"]
[EventDate "2018.04.03"]
[EventType "swiss"]
[EventRounds "7"]
[EventCountry "DEN"]
[SourceTitle "EXT 2020"]
[Source "ChessBase"]
[SourceDate "2019.10.17"]
[SourceVersion "1"]
[SourceVersionDate "2019.10.17"]
[SourceQuality "1"]

1. d4 d5 2. c4 e6 3. Nc3 Nf6 4. cxd5 exd5 5. Bg5 c6 6. e3 Nbd7 7. Bd3 Be7 8. Nge2 0-0 9. Qc2 Re8 10. h3 Nf8 11. Bf4 Bd6 12. 0-0 Bxf4 13. Nxf4 Ng6 14. Nxg6 hxg6 15. b4 g5 16. Ne2 g4 17. h4 g3 18. Nxg3 Ng4 19. Bh7+ Kh8 20. Bf5 Qxh4 21. Bxg4 Bxg4 22. Ne2 g6 23. Rfe1 Kg7 24. f3 Bxf3 25. gxf3 Rxe3 26. Kg2 Rae8 27. Qd2 Qh5 28. Ng1 Qg5+ 29. Kf2 Rh8 30. Kf1 Rxe1+ 31. Qxe1 Rh5 32. Qf2 Qf4 33. Re1 Rh2 34. Qe3 Qxe3 35. Rxe3 Rxa2 36. Re7 b6 37. Rc7 Ra4 38. Rxc6 Rxb4 39. Ne2 a5 40. Ke1 a4 41. Rc3 g5 42. Kd2 f5 43. Kd3 g4 44. fxg4 fxg4 45. Ra3 Kh6 46. Nc3 b5 47. Nxd5 Rb2 48. Ne3 Kg5 49. d5 g3 50. d6 Kf6 51. Kd4 g2 52. Ra1 Ke6 53. Rd1 Kd7 54. Kc5 a3 55. Nxg2 Rxg2 56. Kxb5 1/2-1/2

[Event "DEN-chT1 Gr2 1718"]
[Site "Denmark"]
[Date "2017.11.19"]
[Round "1"]
[White "Hansen, Per"]
[Black "Aagaard, Gert"]
[Result "1-0"]
[WhiteElo "2124"]
[BlackElo "2040"]
[PlyCount "87"]
[EventDate "2017.11.19"]
[EventType "team-tourn"]
[EventRounds "7"]
[EventCountry "DEN"]
[SourceTitle "EXT 2019"]
[Source "ChessBase"]
[SourceDate "2018.10.10"]
[SourceVersion "1"]
[SourceVersionDate "2018.10.10"]
[SourceQuality "1"]
[WhiteTeam "Haderslev"]
[BlackTeam "Kolding Springeren"]
[WhiteTeamCountry "DEN"]
[BlackTeamCountry "DEN"]

1. d4 Nf6 2. c4 e6 3. Nc3 Bb4 4. Qc2 b6 5. a3 Bxc3+ 6. Qxc3 Ne4 7. Qc2 Bb7 8. Nf3 0-0 9. e3 d6 10. Bd3 f5 11. 0-0 Nd7 12. Ne1 Qe7 13. f3 Nef6 14. b4 a5 15. Bb2 axb4 16. axb4 Rxa1 17. Bxa1 Ra8 18. Bc3 Qe8 19. Qb3 Kh8 20. Rf2 Nf8 21. b5 Ng6 22. Qb2 Ne7 23. Bf1 Kg8 24. Nd3 Bc8 25. Nf4 g5 26. Nd3 Qg6 27. Kh1 Qh6 28. Kg1 g4 29. Nf4 gxf3 30. gxf3 Kf7 31. Bd2 Ng6 32. Nxg6 hxg6 33. e4 f4 34. e5 dxe5 35. dxe5 Nd7 36. Qd4 Qg5+ 37. Rg2 Qxe5 38. Qxe5 Nxe5 39. Bxf4 Nd7 40. Bc1 Ra1 41. Bb2 Rb1 42. Rd2 Nc5 43. Kf2 Ke7 44. Ba3 1-0

[Event "Naestved Host EMT A"]
[Site "Naestved"]
[Date "2015.09.11"]
[Round "4"]
[White "Nielsen, Kai Sten"]
[Black "Hansen, Per"]
[Result "1-0"]
[WhiteElo "2056"]
[BlackElo "2008"]
[PlyCount "63"]
[EventDate "2015.08.24"]
[EventType "swiss"]
[EventRounds "7"]
[EventCountry "DEN"]
[SourceTitle "EXT 2024"]
[Source "ChessBase"]
[SourceDate "2023.10.10"]
[SourceVersion "1"]
[SourceVersionDate "2023.10.10"]
[SourceQuality "1"]

1. d4 d6 2. c4 f5 3. Nc3 Nf6 4. Nf3 g6 5. g3 Bg7 6. Bg2 0-0 7. 0-0 c6 8. b3 Na6 9. Bb2 Qe8 10. Qc2 e5 11. dxe5 dxe5 12. Ba3 Rf7 13. Bd6 Nd7 14. e4 Nac5 15. Rfe1 f4 16. Rad1 Ne6 17. Ne2 g5 18. g4 c5 19. b4 b6 20. bxc5 bxc5 21. Rb1 h5 22. h3 hxg4 23. hxg4 a5 24. Red1 Ra6 25. Qa4 Nd4 26. Nexd4 cxd4 27. c5 Qe6 28. Nxg5 Nxc5 29. Bxc5 Qxg4 30. Qe8+ Rf8 31. Bxf8 Qxg5 32. Be7+ 1-0

[Event "DEN-chT 0506"]
[Site "Denmark"]
[Date "2006.03.05"]
[Round "7.7"]
[White "Hansen, Per"]
[Black "Willumsen, Henrik"]
[Result "1/2-1/2"]
[WhiteElo "2140"]
[BlackElo "2163"]
[PlyCount "86"]
[EventDate "2005.11.05"]
[EventType "team-tourn"]
[EventRounds "9"]
[EventCountry "DEN"]
[SourceTitle "EXT 2023"]
[Source "ChessBase"]
[SourceDate "2022.10.05"]
[SourceVersion "1"]
[SourceVersionDate "2022.10.05"]
[SourceQuality "1"]
[WhiteTeam "Nordre"]
[BlackTeam "Norresundby"]
[WhiteTeamCountry "DEN"]
[BlackTeamCountry "DEN"]

1. d4 d5 2. c4 c6 3. Nf3 Nf6 4. Nc3 e6 5. Bg5 dxc4 6. e4 b5 7. e5 h6 8. Bh4 g5 9. Nxg5 hxg5 10. Bxg5 Nbd7 11. exf6 Bb7 12. Be2 Qc7 13. h4 0-0-0 14. Qc2 Qa5 15. 0-0 c5 16. a4 b4 17. Ne4 b3 18. Qb1 cxd4 19. Bxc4 Ne5 20. Rc1 Nxc4 21. Rxc4+ Kb8 22. Qd3 Qe5 23. f3 Bh6 24. Rac1 Bxg5 25. hxg5 Bxe4 26. Qxe4 Qxe4 27. fxe4 Rh5 28. Rb4+ Ka8 29. Rb5 a6 30. Rbc5 Kb8 31. Kf2 Re8 32. Rc7 Rxg5 33. Rxf7 Reg8 34. Rcc7 Rxg2+ 35. Kf3 e5 36. Rg7 R2xg7 37. Rxg7 Rf8 38. Re7 Rxf6+ 39. Ke2 Rc6 40. Rxe5 Rc2+ 41. Kd1 Rxb2 42. Rd5 Rh2 43. Kc1 Rc2+ 1/2-1/2

[Event "DEN-chT 0506"]
[Site "Denmark"]
[Date "2005.11.20"]
[Round "3.7"]
[White "Hansen, Per"]
[Black "Jacobsen, Bo"]
[Result "0-1"]
[WhiteElo "2140"]
[BlackElo "2279"]
[PlyCount "52"]
[EventDate "2005.11.05"]
[EventType "team-tourn"]
[EventRounds "9"]
[EventCountry "DEN"]
[SourceTitle "EXT 2023"]
[Source "ChessBase"]
[SourceDate "2022.10.05"]
[SourceVersion "1"]
[SourceVersionDate "2022.10.05"]
[SourceQuality "1"]
[WhiteTeam "Nordre"]
[BlackTeam "Skolerne"]
[WhiteTeamCountry "DEN"]
[BlackTeamCountry "DEN"]

1. d4 Nf6 2. c4 c5 3. d5 e5 4. Nc3 d6 5. e4 Be7 6. g3 Nbd7 7. Bg2 Nf8 8. h4 h5 9. Nge2 Ng6 10. f3 Bd7 11. Bh3 Bxh3 12. Rxh3 a6 13. Rh2 0-0 14. Qc2 Qd7 15. Nd1 b5 16. Ne3 Rab8 17. Nf5 Bd8 18. Bd2 Ne7 19. g4 hxg4 20. Neg3 gxf3 21. 0-0-0 Ng4 22. Rg1 Nxh2 23. Bh6 Ng4 24. Nh5 Nxf5 25. exf5 f2 26. Nf6+ Bxf6 0-1